| 000 -LEADER |
| fixed length control field |
nam a22 a 4500 |
| 003 - CONTROL NUMBER IDENTIFIER |
| control field |
AKMAL |
| 005 - DATE AND TIME OF LATEST TRANSACTION |
| control field |
20170515154659.0 |
| 008 - FIXED-LENGTH DATA ELEMENTS--GENERAL INFORMATION |
| fixed length control field |
170515s2004 my a e b 000 0 may d |
| 020 ## - INTERNATIONAL STANDARD BOOK NUMBER |
| International Standard Book Number |
9831921348 (kkt.) : |
| Terms of availability |
RM 28.00 |
| 039 #9 - LEVEL OF BIBLIOGRAPHIC CONTROL AND CODING DETAIL [OBSOLETE] |
| Level of rules in bibliographic description |
200904161014 |
| Level of effort used to assign nonsubject heading access points |
kik3856 |
| Level of effort used to assign subject headings |
200509281434 |
| Level of effort used to assign classification |
azlina |
| Level of effort used to assign subject headings |
200509230920 |
| Level of effort used to assign classification |
fatimah |
| Level of effort used to assign subject headings |
200509210818 |
| Level of effort used to assign classification |
suzani |
| 040 ## - CATALOGING SOURCE |
| Original cataloging agency |
AKMAL |
| Transcribing agency |
AKMAL |
| 049 ## - LOCAL HOLDINGS (OCLC) |
| Holding library |
mal |
| 082 04 - DEWEY DECIMAL CLASSIFICATION NUMBER |
| Classification number |
374 HAM |
| Edition number |
22 |
| 090 00 - LOCALLY ASSIGNED LC-TYPE CALL NUMBER (OCLC); LOCAL CALL NUMBER (RLIN) |
| Classification number (OCLC) (R) ; Classification number, CALL (RLIN) (NR) |
374 |
| Local cutter number (OCLC) ; Book number/undivided call number, CALL (RLIN) |
HAM |
| 090 20 - LOCALLY ASSIGNED LC-TYPE CALL NUMBER (OCLC); LOCAL CALL NUMBER (RLIN) |
| Classification number (OCLC) (R) ; Classification number, CALL (RLIN) (NR) |
374 |
| Local cutter number (OCLC) ; Book number/undivided call number, CALL (RLIN) |
HAM |
| 100 0# - MAIN ENTRY--PERSONAL NAME |
| Personal name |
Hamdan Abd. Kadir |
| 9 (RLIN) |
4656 |
| 245 10 - TITLE STATEMENT |
| Title |
Teknik mengajar dewasa : |
| Remainder of title |
panduan untuk jurulatih / |
| Statement of responsibility, etc. |
Hamdan Abd. Kadir, Hanipah Hussin, Mohamad Saprin |
| 260 ## - PUBLICATION, DISTRIBUTION, ETC. |
| Place of publication, distribution, etc. |
Bentong, Pahang : |
| Name of publisher, distributor, etc. |
PTS Publications & Distributors, |
| Date of publication, distribution, etc. |
2004 |
| 300 ## - PHYSICAL DESCRIPTION |
| Extent |
viii, 310ms. : |
| Other physical details |
il. ; |
| Dimensions |
23cm. |
| 440 #0 - SERIES STATEMENT/ADDED ENTRY--TITLE |
| Title |
Siri pendidikan |
| 9 (RLIN) |
4657 |
| 504 ## - BIBLIOGRAPHY, ETC. NOTE |
| Bibliography, etc. note |
Bibliografi: ms. 303-310 |
| 520 ## - SUMMARY, ETC. |
| Summary, etc. |
Buku ini mengetengahkan teknik bagaimana hendak menjadi seorang moderator, fasilitator ataupun jurulatih yang efektif |
| 650 10 - SUBJECT ADDED ENTRY--TOPICAL TERM |
| Topical term or geographic name entry element |
Adult education |
| 9 (RLIN) |
4646 |
| 650 20 - SUBJECT ADDED ENTRY--TOPICAL TERM |
| Topical term or geographic name entry element |
Adult learning |
| 9 (RLIN) |
4645 |
| 700 0# - ADDED ENTRY--PERSONAL NAME |
| Personal name |
Hanipah Hussin |
| 9 (RLIN) |
4658 |
| 700 0# - ADDED ENTRY--PERSONAL NAME |
| Personal name |
Mohamad Saprin |
| 9 (RLIN) |
4659 |
| 856 4# - ELECTRONIC LOCATION AND ACCESS |
| Uniform Resource Identifier |
<a href="http://www.bookcafe.com.my/index.php?target=products&product_id=93">http://www.bookcafe.com.my/index.php?target=products&product_id=93</a> |
| Link text |
Ringkasan & Isi Kandungan |
| 942 ## - ADDED ENTRY ELEMENTS (KOHA) |
| Source of classification or shelving scheme |
|
| Koha item type |
Book |